000 00579nam a22002057a 4500
001 00028691
005 20260401101743.0
008 260401b ag ||||| |||| 00| 0 spa d
020 _a8467414626
040 _aAR-CcCEOS
_bspa
_cAR-CcCEOS
041 _aspa
080 _a840-3
090 _bABE
100 1 _aAbécassis, Éliette
_91006
245 _aQumrán /
_cEliette Abécassis
264 _aBarcelona :
_bPlaneta,
_cc2005.
300 _a411 p. ;
_c24x15 cm.,
655 0 _aliteratura francesa
_9429
_cautoras francesa
_vmujeres autoras
_xnarrativa
942 _2udc
_cBK
_n0
999 _c28724
_d28724